000 00692nam a2200253Ia 4500
003 OSt
005 20220918210343.0
006 a|||||r|||| 00| 0
007 ta
008 220917b |||||||| |||| 00| 0 eng d
024 _a120,190
037 _cTextual
040 _aARTS
_cARTS
_beng
041 _2eng
_aeng
082 _aV73,4:3(W), J5(EV)
100 _aBone Hugh A
_9117493
245 0 _aAmerican politics and the party system
250 _a2nd
260 _aNew York
_bMcGraw Hill U. S. A.
_c1955
490 _aMcGraw Hill series in political science
650 _aHISTORY
942 _hV73,4:3(W), J5(EV)
_cTEXL
_2CC
999 _c243448
_d243448